Contemplar su gloria: adviento, navidad, epifanía
Furkejuvvon:
| Váldodahkki: | |
|---|---|
| Materiálatiipa: | Girji |
| Giella: | espánnjágiella |
| Almmustuhtton: |
Barcelona
Estela
1963
|
| Fáttát: | |
| Fáddágilkorat: |
Lasit fáddágilkoriid
Eai fáddágilkorat, Lasit vuosttaš fáddágilkora!
|
MARC
| LEADER | 00000nam a2200000 a 4500 | ||
|---|---|---|---|
| 001 | UCL3037 | ||
| 003 | CL-VaPUC | ||
| 008 | 031114e19630000SP |||||||||||||||||spa|d | ||
| 082 | 0 | 4 | |a 263.91 |b NOC |2 21 |
| 100 | |a Nocent, Adrien |e autor |9 480260 | ||
| 245 | 1 | 0 | |a Contemplar su gloria: adviento, navidad, epifanía |
| 300 | |a 220 p | ||
| 942 | |c BK | ||
| 945 | |d 20031114 00:00:00 |a vberengu | ||
| 260 | |a Barcelona |b Estela |c 1963 | ||
| 650 | 0 | |a Fiestas religiosas |9 349319 | |
| 650 | 7 | |a PRACTICA RELIGIOSA |2 CL-VaPUC |9 480261 | |
| 650 | 0 | |a Costumbres y tradiciones |9 268292 | |
| 583 | |a last modification |c 20031114 00:00:00 |k Rodrigo Vera | ||
| 999 | |c 306173 |d 306171 | ||
| 952 | |0 0 |1 0 |4 0 |6 263_910000000000000_NOC_1963 |7 0 |8 A |9 370962 |a BIBTEO |b BIBTEO |d 2019-11-21 |i 2092077 |o 263.91 NOC 1963 |p 2092077 |r 2025-01-17 |w 2019-11-21 |y BK |k ICR | ||